European Footballer of the Year Award (1956-2009) - Statistics

General Stats
  • This quiz has been taken 1,070 times
  • The average score is 31 of 54
Answer Stats
Answer % Correct
2008 Portugal Cristiano Ronaldo
98%
1997 Brazil Ronaldo
98%
2002 Brazil Ronaldo
98%
2009 Argentina Lionel Messi
97%
2005 Brazil Ronaldinho
86%
1998 France Zinedine Zidane
86%
2004 Ukraine Andriy Shevchenko
83%
2000 Portugal Luís Figo
81%
2007 Brazil Kaká
80%
2001 England Michael Owen
80%
1995 Liberia George Weah
79%
1988 Netherlands Marco van Basten
79%
1989 Netherlands Marco van Basten
79%
1992 Netherlands Marco van Basten
79%
2003 Czech Republic Pavel Nedvěd
77%
1983 France Michel Platini
76%
1984 France Michel Platini
76%
1985 France Michel Platini
76%
1999 Brazil Rivaldo
76%
2006 Italy Fabio Cannavaro
75%
1970 West Germany Gerd Müller
73%
1968 Northern Ireland George Best
72%
1971 Netherlands Johan Cruyff
72%
1973 Netherlands Johan Cruyff
72%
1974 Netherlands Johan Cruyff
72%
1966 England Bobby Charlton
68%
1972 West Germany Franz Beckenbauer
65%
1976 West Germany Franz Beckenbauer
65%
1993 Italy Roberto Baggio
64%
1987 Netherlands Ruud Gullit
63%
1994 Bulgaria Hristo Stoichkov
61%
1965 Portugal Eusébio
60%
1957 Argentina Alfredo Di Stéfano
59%
1959 Spain Alfredo Di Stéfano
59%
1963 Soviet Union Lev Yashin
56%
1990 Germany Lothar Matthäus
52%
1982 Italy Paolo Rossi
46%
1991 France Jean-Pierre Papin
41%
1978 England Kevin Keegan
37%
1979 England Kevin Keegan
37%
1956 England Stanley Matthews
35%
1996 Germany Matthias Sammer
33%
1964 Scotland Denis Law
30%
1980 West Germany Karl-Heinz Rummenigge
30%
1981 West Germany Karl-Heinz Rummenigge
30%
1960 Spain Luis Suárez
23%
1958 France Raymond Kopa
23%
1969 Italy Gianni Rivera
18%
1975 Soviet Union Oleg Blokhin
17%
1977 Denmark Allan Simonsen
14%
1967 Hungary Flórián Albert
11%
1986 Soviet Union Igor Belanov
11%
1962 Czechoslovakia Josef Masopust
11%
1961 Italy Omar Sívori
9%
No matching quizzes found
Score Distribution
Percent of People with Each Score
Percentile by Number Answered
Your Score History
You have not taken this quiz